000 00391nam a2200157 i 4500
001 bgj
100 1 _aCARTER, Angela.
_d(1940- ).
245 1 0 _aHeroes & and villains /
_cAngela Carter.
260 _aLondon :
_bHeinemann,
_c1969.
300 _a214 pp ;
_c21 cm.
650 9 _aEnglish fiction
040 _cBPK
041 0 _aeng
942 _cKS
008 s uk f |000 0 eng
999 _c48855
_d48855
856 _uhttp://koha.tu.koszalin.pl/cgi-bin/koha/opac-detail.pl?biblionumber=48855
_yKatalog online BPK